Vizualizácia vyhľadania k-teho najväčšieho prvku
Salvato in:
| Autore principale: | |
|---|---|
| Altri autori: | |
| Natura: | Manoscritto Libro |
| Lingua: | slovacco |
| Pubblicazione: |
2021
|
| Soggetti: | |
| Accesso online: | http://is.stuba.sk/zp/portal_zp.pl?podrobnosti=142119 |
| Tags: |
Nessun Tag, puoi essere il primo ad aggiungerne!!
|
MARC
| LEADER | 00000ntm a22000003a 4500 | ||
|---|---|---|---|
| 001 | stuzp80606 | ||
| 003 | SK-STU | ||
| 005 | 20210626210737.6 | ||
| 007 | ta | ||
| 008 | 150427s2015----xo-----f-mn---000-0-slo-d | ||
| 040 | |a STU |b slo | ||
| 041 | 0 | |a slo | |
| 100 | 1 | |a Pernica, Jakub |u 070200 |4 aut |U FIIT Fakulta informatiky a informačných technológií |T FIIT Ústav informatiky, informačných systémov a softvérového inžinierstva |X 92124 |U I200 |Y 179 |7 92124 | |
| 242 | 0 | 1 | |a Visualization of the k-th largest element search |y eng |
| 245 | 1 | 0 | |a Vizualizácia vyhľadania k-teho najväčšieho prvku |
| 260 | |c 2021 | ||
| 650 | 4 | |a algoritmy |2 slo | |
| 650 | 4 | |a vizualizácia |2 slo | |
| 650 | 4 | |a vyhľadávanie |2 slo | |
| 650 | 4 | |a triedenie |2 slo | |
| 650 | 4 | |a visualization |2 eng | |
| 650 | 4 | |a algorithms |2 eng | |
| 650 | 4 | |a searching |2 eng | |
| 650 | 4 | |a sorting |2 eng | |
| 700 | 1 | |a Nagyová, Ingrid |k Z1 |4 ths |X 99133 |7 99133 | |
| 856 | 4 | |u http://is.stuba.sk/zp/portal_zp.pl?podrobnosti=142119 | |